000 00207nam a2200097Ia 4500
008 240331s9999 xx 000 0 und d
082 _bPER
100 _aPerera,S
245 0 _aLiving with torturers
942 _cL
999 _c5005
_d5005